Radiation Ecology of Western Siberia; The First International Symposium Japan-Russia North East Asia Medical Exchange

Bibliographische Detailangaben
Parent link:The First International Symposium Japan-Russia North East Asia Medical Exchange.— 1993.— P. 26-27
Weitere Verfasser: Rikhvanov L. P. Leonid Petrovich, Novitsky V. V., Saleev A. A., Masluk A. I.
Zusammenfassung:В фонде НТБ ТПУ отсутствует
Sprache:Englisch
Veröffentlicht: 1993
Schlagworte:
Format: MixedMaterials Buchkapitel
KOHA link:https://koha.lib.tpu.ru/cgi-bin/koha/opac-detail.pl?biblionumber=595974

MARC

LEADER 00000naa0a2200000 4500
001 595974
005 20250318162545.0
035 |a (RuTPU)RU\TPU\tpu\17895 
035 |a RU\TPU\tpu\17887 
090 |a 595974 
100 |a 20100811d1993 k||y0rusy50 ba 
101 0 |a eng 
102 |a JP 
200 1 |a Radiation Ecology of Western Siberia  |f L. P. Rikhvanov [et al.] 
333 |a В фонде НТБ ТПУ отсутствует 
463 |t The First International Symposium Japan-Russia North East Asia Medical Exchange  |v P. 26-27  |o abstracts of reports ( Niigata, Japan 10-11 June 1993)  |d 1993 
610 1 |a труды учёных ТПУ 
701 1 |a Rikhvanov  |b L. P.  |c Professor of Tomsk Polytechnic University  |c Doctor of geological- mineralogical sciences  |c Honored geologist of Russia  |c Honored employee of higher vocational education of the Russian Federation  |f 1945-  |g Leonid Petrovich  |3 (RuTPU)RU\TPU\pers\25922 
701 1 |a Novitsky  |b V. V. 
701 1 |a Saleev  |b A. A. 
701 1 |a Masluk  |b A. I. 
801 1 |a RU  |b 63413507  |c 20091130 
801 2 |a RU  |b 63413507  |c 20120524  |g RCR 
942 |c BK